|
|
|
|
| LEADER |
00000nab a2200000 ar4500 |
| 001 |
vtls009087623 |
| 003 |
SK-MaSNL |
| 005 |
20260305031254.0 |
| 008 |
070817c2007 xo wr|p|||||||000 b|slo |
| 038 |
|
|
|a PPPK
|
| 040 |
|
|
|a PPPKCL
|b slo
|c PPPKCL
|e AACR2
|
| 041 |
0 |
|
|a slo
|
| 044 |
|
|
|a xo
|c SK
|
| 080 |
|
|
|a 728.18
|2 1997
|
| 080 |
|
|
|a 338.48-44(1-22)
|2 2001
|
| 245 |
0 |
0 |
|a V lete privítajú prvých hostí
|c [autor] (plk)
|
| 300 |
|
|
|b Fotogr.
|
| 610 |
2 |
7 |
|a LEADER (program)
|2 pppkcl
|9 473805
|
| 648 |
|
7 |
|a 2007
|2 pppkcl
|9 313226
|
| 650 |
0 |
7 |
|a agroturistika
|2 pppkcl
|9 682
|
| 650 |
0 |
7 |
|a zruby
|2 pppkcl
|9 636826
|
| 650 |
0 |
7 |
|a výstavba
|2 pppkcl
|9 29373
|
| 651 |
|
7 |
|a Levočské vrchy (Slovensko : pohorie)
|2 pppkcl
|9 56945
|
| 651 |
|
7 |
|a Vlkovce (Slovensko)
|2 pppkcl
|9 54546
|
| 651 |
|
7 |
|a Kežmarok (Slovensko : okres)
|2 pppkcl
|9 51824
|
| 773 |
0 |
|
|t Podtatranské noviny
|g Roč. XLVIII, č. 4 (2007), s. 2
|
| 852 |
|
|
|a PPPK
|b KIS3GCP
|
| 999 |
|
|
|c 3315519
|d 3317449
|